В четверг по вечерам: Рассказы, повести

Dades bibliogràfiques
Autor principal: Гришко-Юровская О. Ф. Ольга Федоровна
Altres autors: Храбрых Б. А. (иллюстратор)
Sumari:Исключено из фонда НТБ ТПУ
Idioma:rus
Publicat: Барнаул, Алтайское кн. изд-во, 1991
Format: Llibre
KOHA link:https://koha.lib.tpu.ru/cgi-bin/koha/opac-detail.pl?biblionumber=137111

MARC

LEADER 00000nam0a2200000 4500
001 137111
005 20231031140920.0
010 |a 5740501377 
020 |a RU  |b 91-51224 
035 |a (RuTPU)RU\TPU\book\148602 
090 |a 137111 
100 |a 20080505d1991 m y0rusy5003 ca 
101 0 |a rus 
102 |a RU 
105 |a a z 000ay 
200 1 |a В четверг по вечерам  |e Рассказы, повести  |f О. Ф. Гришко-Юровская  |g худож. Б. А. Храбрых 
210 |a Барнаул  |c Алтайское кн. изд-во  |d 1991 
215 |a 448 с.  |c ил.  |d 21 см 
327 1 |a Содерж.: Повести: В Бухте встреч; Входи и здравствуй; Последняя гастроль; Рассказы: Про шапку; Алле... ап!; Незваный гость; Двое; Без мамы; Сережка с бирюзой; Вниз по Юдоме, и др. 
333 |a Исключено из фонда НТБ ТПУ 
675 |a Р2  |z rus 
700 1 |a Гришко-Юровская  |b О. Ф.  |g Ольга Федоровна  |4 070 
702 1 |a Храбрых  |b Б. А.  |4 440 
801 0 |a RU  |b RuMRKP  |c 19950417  |g psbo 
801 1 |a RU  |b 63413507  |c 20080505  |g PSBO 
801 2 |a RU  |b 63413507  |c 20230213  |g PSBO 
942 |c BK